000 01003cam a22002774a 4500
005 20260310200637.0
008 090806s2010 nyu b 001 0 eng
020 _a9780465011179
040 _aKABLIB
_cKABLIB
_erda
082 0 0 _a363.325
_223
_bPER
100 1 _aPerry, Mark,
_d1950-
_915661
245 1 0 _aTalking to terrorists :
_bwhy America must engage with its enemies /
_cMark Perry.
260 _aNew York :
_bBasic Books,
_cc2010.
300 _axiii, 245 p. ;
_c23 cm.
504 _aIncludes bibliographical references (p. 219-244), index.
610 2 0 _aQaida (Organization)
_915662
610 2 0 _aḤarakat al-Muqāwamah al-Islāmīyah.
_915663
610 2 0 _aHizballah (Lebanon)
_915664
650 0 _aTerrorists
_xPsychology.
_915665
650 0 _aTerrorism
_xPrevention.
_915666
650 0 _aMuslims
_xCommunication.
_915667
650 0 _aCommunication in organizations.
_91878
650 0 _aCommunication in politics.
_99248
650 0 _aCommunication and culture
_915668
942 _2ddc
_cBOOK
999 _c6168
_d6168